[Event "Logumkloster-ch"]
[Site "Logumkloster"]
[Date "2018.05.22"]
[Round "6"]
[White "Ambog, Ejvind Osterby"]
[Black "Christensen, Benny1111"]
[Result "1/2-1/2"]
[WhiteElo "1842"]
[BlackElo "1806"]
[PlyCount "33"]
[EventDate "2018.04.03"]
[EventType "swiss"]
[EventRounds "7"]
[EventCountry "DEN"]
[SourceTitle "EXT 2020"]
[Source "ChessBase"]
[SourceDate "2019.10.17"]
[SourceVersion "1"]
[SourceVersionDate "2019.10.17"]
[SourceQuality "1"]

1. e4 c5 2. Nc3 e6 3. f4 Nc6 4. Nf3 Nd4 5. Bc4 a6 6. d3 b5 7. Bb3 a5 8. Nxd4 cxd4 9. Nxb5 Qb6 10. a4 Ba6 11. Na3 Bb4+ 12. Bd2 Nf6 13. Bxb4 Qxb4+ 14. Qd2 Qc5 15. Bc4 Bxc4 16. Nxc4 Nxe4 17. dxe4 1/2-1/2

[Event "Logumkloster A"]
[Site "Oster Hojst"]
[Date "2017.04.18"]
[Round "2"]
[White "Baagoe, Hans Chr"]
[Black "Ambog, Ejvind Osterby"]
[Result "0-1"]
[WhiteElo "1608"]
[BlackElo "1755"]
[PlyCount "60"]
[EventDate "2017.04.04"]
[EventType "tourn"]
[EventRounds "5"]
[EventCountry "DEN"]
[SourceTitle "EXT 2023"]
[Source "ChessBase"]
[SourceDate "2022.10.05"]
[SourceVersion "1"]
[SourceVersionDate "2022.10.05"]
[SourceQuality "1"]

1. d4 d5 2. c4 e5 3. e3 exd4 4. exd4 Nf6 5. Bg5 Be7 6. Bxf6 Bxf6 7. c5 0-0 8. Nf3 Bg4 9. Be2 Nc6 10. 0-0 Bxf3 11. Bxf3 Nxd4 12. Nc3 Nxf3+ 13. Qxf3 c6 14. Rad1 Qa5 15. Nxd5 cxd5 16. Qxd5 Qc7 17. b4 Rad8 18. Qf3 Qc6 19. Qb3 Rxd1 20. Rxd1 Rd8 21. a4 Rxd1+ 22. Qxd1 Qe4 23. b5 Qd4 24. Qc1 Qa1 25. Qxa1 Bxa1 26. a5 Bd4 27. c6 bxc6 28. bxc6 Be5 29. a6 Kf8 30. g3 Ke7 0-1

[Event "Logumkloster-chB"]
[Site "Logumkloster"]
[Date "2009.04.21"]
[Round "1"]
[White "Feldborg, Henrik"]
[Black "Ambog, Ejvind Osterby"]
[Result "0-1"]
[WhiteElo "1640"]
[BlackElo "1707"]
[PlyCount "70"]
[EventDate "2009.04.21"]
[EventType "tourn"]
[EventRounds "5"]
[EventCountry "DEN"]
[SourceTitle "EXT 2023"]
[Source "ChessBase"]
[SourceDate "2022.10.05"]
[SourceVersion "1"]
[SourceVersionDate "2022.10.05"]
[SourceQuality "1"]

1. e4 e5 2. Nf3 Nc6 3. Bc4 Nf6 4. Nc3 Nxe4 5. Nxe4 d5 6. Bd3 dxe4 7. Bxe4 Bg4 8. Bxc6+ bxc6 9. h3 Bh5 10. Qe2 f6 11. g4 Bg6 12. d3 Qd5 13. Rf1 Bc5 14. Nh4 Bf7 15. Nf5 0-0 16. Be3 Rab8 17. c3 Rfd8 18. b4 Bf8 19. Kd2 a5 20. a3 axb4 21. cxb4 Qb3 22. Rfb1 Qa4 23. Qd1 Qb5 24. Ke2 Rxd3 25. Qxd3 Bc4 26. Qxc4+ Qxc4+ 27. Kf3 g6 28. Ng3 Qd5+ 29. Ke2 Rd8 30. Rd1 Qc4+ 31. Ke1 Rxd1+ 32. Rxd1 Qc3+ 33. Kf1 Bd6 34. Bc1 e4 35. Kg2 Qf3+ 0-1

[Event "Logumkloster-ch Basis 2"]
[Site "Logumkloster"]
[Date "2008.04.29"]
[Round "3"]
[White "Ambog, Ejvind Osterby"]
[Black "Jensen, Jens Peter"]
[Result "1-0"]
[WhiteElo "1674"]
[BlackElo "1475"]
[PlyCount "95"]
[EventDate "2008.04.15"]
[EventType "tourn"]
[EventRounds "5"]
[EventCountry "DEN"]
[SourceTitle "EXT 2023"]
[Source "ChessBase"]
[SourceDate "2022.10.05"]
[SourceVersion "1"]
[SourceVersionDate "2022.10.05"]
[SourceQuality "1"]

1. e4 e5 2. Nf3 d6 3. d4 Bg4 4. dxe5 Bxf3 5. Qxf3 dxe5 6. Bc4 Nf6 7. Qb3 Be7 8. Bxf7+ Kf8 9. Bd5 Nxd5 10. exd5 b6 11. Qf3+ Bf6 12. Nc3 Nd7 13. Be3 Kf7 14. 0-0 Rf8 15. Rad1 Kg8 16. d6 Kh8 17. Qc6 Rc8 18. Nb5 cxd6 19. Qxd6 Rf7 20. Rd2 Qe8 21. Nxa7 Ra8 22. Bxb6 Nxb6 23. Qxb6 Rfxa7 24. a3 Ra6 25. Qe3 Rb8 26. c4 Qe7 27. Rc2 e4 28. Qe2 h6 29. c5 Rc6 30. b4 Qe5 31. Rc4 Re8 32. Re1 Qd5 33. Qc2 Re5 34. Rd1 Qe6 35. b5 Rc8 36. a4 Qg4 37. c6 Bd8 38. c7 Bxc7 39. Rxc7 Rxc7 40. Rd8+ Kh7 41. Qxc7 Rg5 42. g3 h5 43. Qc1 h4 44. b6 hxg3 45. hxg3 Rh5 46. Qf4 Qf3 47. Qxf3 exf3 48. b7 1-0